000 00715cam a2200193 a 4500
020 _a0821323318
082 0 0 _a388.068
_bREG
_cD
245 0 0 _aRegulatory reform in transport :
_bsome recent experiences /
_cedited by José Carbajo.
250 _aJose Carbajo.
260 _aWashington, D.C. :
_bWorld Bank,
_cc1993.
300 _aviii, 111 p. :
_bill. ;
_c28 cm.
526 _a0
_b0
_c0
_d388_068000000000000_REG
650 0 _aD
_zDeveloping countries
_xCase studies.
_920726
650 0 _aTransportation
_xDeregulation
_xCase studies.
_920728
650 0 _aTransportation
_xDeregulation
_zDeveloping countries
_xCase studies.
_920727
700 1 _aCarbajo, José,
_920729
710 2 _aWorld Bank.
_94999
942 _2ddc
_cBK
999 _c543144
_d543144